| 000 | 00561ntaaa2200193 4500 | ||
|---|---|---|---|
| 003 | 01 | ||
| 005 | 20251027203048.0 | ||
| 008 | 0714s1973 ag 01 | ||
| 040 |
_aAR-BaBN _bspa _cAR-BaBN _eaacr _dRIC |
||
| 082 | _asincla | ||
| 100 |
_aFreud, Sigmund _9337 |
||
| 245 | _aThe major works of Sigmund Freud | ||
| 250 | _a1 ed. | ||
| 260 |
_aChicago : _bEnciclopaedia Britannica, _c1952 |
||
| 300 |
_a884 p ; _c24 cm |
||
| 500 | _aEstán los demás volúmenes de la colección en el depósito atrás de la Biblioteca | ||
| 650 |
_aPsicología _92648 |
||
| 942 | _cBK | ||
| 999 |
_c26024 _d26024 |
||